La participación del Estado en el sector productivo de la economía /
Salvato in:
| Enti autori: | , |
|---|---|
| Natura: | testo |
| Pubblicazione: |
s.l.:
EDOBOL
|
| Tags: |
Aggiungi Tag
Nessun Tag, puoi essere il primo ad aggiungerne!!
|
MARC
| LEADER | 00000 a a2200000 04500 | ||
|---|---|---|---|
| 001 | 22910 | ||
| 003 | |||
| 040 | |||
| 090 | |a 158200 | ||
| 110 | |a Instituto Latinoamericano de Ciencias Sociales. Taller de investigaciones socio-económicas | ||
| 245 | |a La participación del Estado en el sector productivo de la economía / |c Instituto Latinoamericano de Ciencias Sociales. Taller de investigaciones socio-económicas | ||
| 260 | |a s.l.: |b EDOBOL | ||
| 300 | |a 96 p. | ||
| 710 | |a ILDIS | ||
| 999 | |c 15747 |d 15747 | ||
